Derecho Constitucional
Saved in:
| Hovedforfatter: | |
|---|---|
| Format: | Bog |
| Sprog: | spansk |
| Udgivet: |
Buenos Aires
Depalma
1959
|
| Udgivelse: | Tercera edición |
| Fag: | |
| Tags: |
Tilføj Tag
Ingen Tags, Vær først til at tagge denne postø!
|
MARC
| LEADER | 00000nam a2200000 a 4500 | ||
|---|---|---|---|
| 001 | UCT9747 | ||
| 003 | CL-VaPUC | ||
| 005 | 20240410164446.0 | ||
| 008 | 970411e19590000AG |||||||||||||||||spa|d | ||
| 999 | |c 258126 |d 258124 | ||
| 040 | |c Pontificia Universidad Católica de Valparaíso | ||
| 082 | 0 | 4 | |a 342 BIE 1959 |2 21 |
| 100 | 0 | |a Bielsa, Rafael |9 382719 | |
| 245 | 1 | 0 | |a Derecho Constitucional |
| 250 | |a Tercera edición | ||
| 260 | |a Buenos Aires |b Depalma |c 1959 | ||
| 300 | |a 909 páginas | ||
| 583 | |a last modification |c 19970411 00:00:00 |k Rodrigo Vera | ||
| 650 | 0 | |a Derecho constitucional |9 222588 | |
| 650 | 0 | |a Constituciones |9 255417 | |
| 650 | 0 | |a Derecho público |9 255910 | |
| 650 | 0 | |a Soberanía |9 266726 | |
| 650 | 0 | |a Poder político |9 255509 | |
| 650 | 0 | |a Poder legislativo |9 258808 | |
| 650 | 0 | |a Poder ejecutivo |9 255177 | |
| 650 | 0 | |a Poder judicial |9 254871 | |
| 650 | 0 | |a Ciudadanía |9 258339 | |
| 650 | 0 | |a Nacionalidad |9 357571 | |
| 650 | 0 | |a Sistemas electorales |9 326307 | |
| 650 | 0 | |a Partidos políticos |9 254999 | |
| 650 | 0 | |a Elecciones |9 254997 | |
| 650 | 0 | |a Derechos civiles y políticos |9 338684 | |
| 650 | 7 | |a CAMARA ALTA |2 CL-VaPUC |9 338612 | |
| 650 | 7 | |a CAMARA BAJA |2 CL-VaPUC |9 382720 | |
| 942 | |c BK |2 ddc | ||
| 945 | |d 19970411 00:00:00 |a paguirre | ||
| 952 | |0 0 |1 0 |2 ddc |4 0 |6 342_000000000000000_BIE_1959 |7 0 |8 A |9 281950 |a BIBDER |b BIBDER |d 2019-11-19 |i 1829521 |o 342 BIE 1959 |p 1829521 |r 2019-11-19 |t 1 |w 2019-11-19 |y BK |k DER | ||